000
00267nam a22001097a 4500
008
170117b xxu||||| |||| 00| 0 eng d
020
_a
9781582553078
041
_a
eng
080
_a
618.2
245
_a
NCLEX-RN 250 NEW-FORMAT QUESTIONS
_c
AVILLION, A.E
942
_2
udc
_c
BK
999
_c
3017
_d
3017